[Event "HUN-ch Rapid 2020"]
[Site "Ajka"]
[Date "2020.07.18"]
[Round "9.16"]
[White "Korpa, Bence"]
[Black "Havanecz, Bianka"]
[Result "1/2-1/2"]
[WhiteElo "2545"]
[BlackElo "2251"]
[Annotator "TA"]
[PlyCount "163"]
[EventDate "2020.07.17"]
[EventType "swiss"]
[EventCountry "HUN"]
[SourceTitle "playchess.com"]
[Source "ChessBase"]
[SourceQuality "1"]

{[%evp 14,163,-30,-37,-23,-46,-18,-40,-34,-31,-14,-37,-41,-30,-25,-57,-55,-64,-47,-45,-36,-50,-27,-37,-14,-62,-23,-19,0,0,0,0,0,0,0,0,0,0,0,0,0,-60,-58,-69,-72,-94,-85,-105,0,0,0,-80,-66,-45,-65,-114,-113,-211,-105,-87,-69,-144,-134,-191,-192,-196,-188,-184,-100,-143,-127,-127,-108,-155,-140,-145,-135,-135,-60,-171,-162,-319,-312,-389,-394,-433,-33,-37,0,0,0,0,0,0,0,0,0,0,0,0,0,0,0,0,0,0,0,0,0,0,0,0,0,0,0,0,0,0,0,0,0,0,0,0,0,0,0,0,0,0,0,0,0,0,0,0,0,0,0,0,0,0,0,0,0,0,0,0,0,0,0,0]} 1. Nf3 d5 2. g3 g6 3. Bg2 Bg7 4. O-O e5 5. d3 Ne7 6. Na3 O-O 7. c4 c6 8. Rb1 a5 {A07: Réti Opening: New York and Capablanca Systems.} 9. b3 {[#]} Nd7 $146 ({Predecessor:} 9... Na6 10. cxd5 Nxd5 11. Bb2 f6 12. Nc4 Be6 13. a3 c5 14. Qc2 Qc7 15. e3 b5 16. Ncd2 Rac8 17. Ne4 Rfd8 18. Qe2 Qe7 19. Rfc1 Ndc7 20. Ned2 {½-½ (20) Waltmans,F (2328)-Burri,P (2145) ICCF email 2015}) 10. Bb2 d4 {Black is slightly better.} 11. Nc2 Nf5 12. e3 dxe3 13. fxe3 Re8 14. d4 exd4 15. exd4 Nf6 16. Ne5 Qc7 17. Re1 Be6 18. Qf3 Rad8 19. Rbd1 Nd7 20. Nd3 Qb6 {[%cal Rf5d4]} 21. Qf2 $1 {Threatens to win with d5.} Nf6 22. h3 h5 23. Bf3 a4 24. g4 hxg4 25. hxg4 axb3 26. axb3 Ne7 27. Rxe6 (27. Ne3 $1 $11) 27... fxe6 $15 28. Nc5 Nc8 29. Qe3 Qc7 30. Kg2 {[#]} Qf7 (30... e5 $1 $17 {White must now prevent ...exd4.} 31. Qd3 (31. dxe5 Rxd1 32. Bxd1 Nd7 $17) 31... Qf7) 31. Rf1 $11 Nd6 32. Nd3 (32. Bc1 $11 {remains equal.}) 32... Qc7 33. Ne5 Nh7 34. Nxg6 Nf7 $1 35. Ne5 (35. Bc3 $17) 35... Nxe5 (35... Bh6 $1 $19 {[%cal Rh6e3]} 36. g5 Bxg5) 36. dxe5 $17 {[#]} Qd7 $1 37. Rd1 (37. Bd4 $15) 37... Qe7 38. Rxd8 (38. Bd4 $17) 38... Rxd8 $19 39. Bc1 Nf8 40. Qe4 Qc5 ({Better is} 40... Qf7 $19 {aiming for ...Ng6.} 41. Ne1 Ng6) 41. Bg5 Rd7 42. Bf4 Qa7 43. g5 Qa2 ({Don't take} 43... Rf7 44. g6 $17) 44. b4 Rf7 {Hoping for ...Rxf4!} 45. Kg3 Qb3 ({Don't do} 45... Qa7 46. c5 $11) (45... Qb1 $17 46. Ne3 Qg1+ 47. Ng2 Rd7) 46. g6 {[#]} (46. Ne3 $1 $15) 46... Rd7 $1 47. c5 $2 (47. Kf2) 47... Rd3 48. Ne3 Qc3 {...Rd4 is the strong threat.} 49. Ng4 {If White can now play Nf6+ this consolidates a bit.} Rxf3+ $2 (49... Rd4 $19 50. Qe3 Qxe3 51. Bxe3 Rxb4) 50. Qxf3 $15 Qxf3+ (50... Qxb4 {looks sharper.} 51. Bh6 Qe1+ 52. Kh3 Nxg6 53. Bxg7 Qh4+) 51. Kxf3 {The position is equal.} Nxg6 $19 {[%mdl 4096] Endgame KBN-KBN} 52. Ke4 Kf7 53. Bg3 Ne7 54. Be1 Nd5 55. Kd4 Bf8 56. Nf2 Ke7 57. Ne4 Kd7 58. Kc4 Ne3+ 59. Kd3 Nd5 60. Bd2 Kc7 61. Kc4 Bg7 62. Kd4 Ne7 63. Nf2 Nf5+ 64. Ke4 Ne7 65. Nd3 Nd5 66. Kf3 b6 67. Kg4 bxc5 68. bxc5 Kd7 69. Kg5 Ne7 70. Ba5 Nf5 71. Kg6 Bf8 72. Kf7 Be7 73. Bd2 Nd4 74. Be3 Nf3 75. Bf2 Bd8 76. Bg3 Be7 77. Bf4 Nd4 78. Be3 Nf3 79. Bf4 Nd4 80. Bg3 Nf3 81. Bf2 Bd8 82. Be3 {And White is the lucky defender. Accuracy: White = 74%, Black = 85%.} 1/2-1/2

[Event "HUN-ch Rapid 2020"]
[Site "Ajka"]
[Date "2020.07.18"]
[Round "9.17"]
[White "Miszler, Levente"]
[Black "Mester, Gyula"]
[Result "0-1"]
[WhiteElo "2268"]
[BlackElo "2341"]
[Annotator "TA"]
[PlyCount "80"]
[EventDate "2020.07.17"]
[EventType "swiss"]
[EventCountry "HUN"]
[SourceTitle "playchess.com"]
[Source "ChessBase"]
[SourceQuality "1"]

{[%evp 12,80,34,35,49,25,28,27,29,20,39,-7,-5,-2,29,-6,1,-6,-11,-5,0,0,0,6,17,0,52,29,38,45,51,41,35,32,63,52,129,39,45,0,69,-20,-20,-20,-20,-20,0,-28,-31,-52,-53,-52,-41,-51,-35,-63,-66,-121,-123,-109,-121,-110,0,0,0,-106,-80,-266,-249,-1309,-1264]} 1. Nf3 g6 2. c4 Bg7 3. g3 b6 4. Bg2 Bb7 5. O-O f5 6. Nc3 Nf6 7. d4 O-O {A04: Unusual lines after 1 Nf3 and King's Indian Attack.} 8. b3 {[%cal Bb2b3,Bb3b4][%mdl 32]} a5 9. Bb2 e6 {White has an edge.} 10. Qc2 {[#]} Ne4 $146 ({Predecessor:} 10... Na6 11. a3 Qe7 12. Rad1 Rae8 13. e3 d6 14. d5 e5 15. e4 Bc8 16. Ne1 Nc5 {0-1 (43) Obodchuk,A (2316)-Cherniaev,A (2398) Voronezh 2019}) 11. a3 Nxc3 12. Bxc3 d6 13. b4 (13. d5 $5 {[%cal Rc3g7]}) 13... Nd7 14. Qb2 Be4 15. Rfd1 Qe7 16. Qd2 a4 17. Rac1 Nf6 18. Qa2 {[#]} d5 ({Black should play} 18... b5 $1 $11 {[%mdl 512]}) 19. Ne5 {Threatens to win with f3.} Bxg2 20. Kxg2 dxc4 21. Qxc4 Nd5 22. Nc6 Qg5 23. Bd2 $1 {[%cal Rd2g5]} Qh5 {[#]} (23... f4 $14) 24. f4 (24. Ne7+ $1 $16 Kh8 25. Nxd5 exd5 26. Qxd5) 24... g5 25. e3 Rf6 (25... gxf4 $11 26. exf4 Rf6) 26. Rh1 (26. fxg5 $14 Qxg5 27. Qe2) 26... Rh6 $11 27. h4 gxf4 28. exf4 Rg6 $36 {[%mdl 2048] Black has some pressure.} 29. Qd3 Kh8 30. Qf3 Rg4 31. Rce1 Re8 32. b5 Bf6 33. Kf2 Qf7 34. Ne5 ({Better is} 34. Rh3 $15) 34... Bxe5 $1 $17 35. Rxe5 Reg8 36. Rg1 Nf6 (36... h5 $17 37. Qe2 R8g6) 37. Bc3 $11 {Hoping for d5.} Nd5 (37... R4g7 $11 38. d5 Nxd5) 38. Bd2 $1 $17 Qg6 39. Bc1 $2 {[#]} (39. h5 $17 Qf7 40. Qe2) 39... Rxh4 $1 $19 {[%mdl 576] Pin} 40. Qe2 $2 (40. Bd2) (40. gxh4 Qxg1+) 40... Rh2+ {[%mdl 64] Skewer. Accuracy: White = 55%, Black = 77%.} 0-1

[Event "HUN-ch Rapid 2020"]
[Site "Ajka"]
[Date "2020.07.18"]
[Round "9.18"]
[White "Emodi, Barnabas"]
[Black "Buzas, Bertalan"]
[Result "1-0"]
[WhiteElo "2352"]
[BlackElo "2258"]
[Annotator "TA"]
[PlyCount "109"]
[EventDate "2020.07.17"]
[EventType "swiss"]
[EventCountry "HUN"]
[SourceTitle "playchess.com"]
[Source "ChessBase"]
[SourceQuality "1"]

{[%evp 15,109,14,35,25,25,25,40,37,37,35,40,28,30,30,30,25,29,27,27,19,31,22,14,11,17,22,40,13,12,13,29,14,5,-64,-50,-57,-38,-90,-86,-109,-103,-107,-111,-107,-92,-205,-100,-274,-262,-261,-104,-125,-47,-20,0,0,0,0,42,52,163,154,146,152,833,835,1200,1034,1227,1214,29972,29973,2210,2000,29979,29980,29971,5043,29971,29973,29973,29974,29976,29977,29978,29977,29979,29978,29980,29981,29981,29980,29980,29981,29981,29982]} 1. d4 Nf6 2. Nf3 e6 3. c4 Bb4+ 4. Nbd2 O-O 5. e3 d5 6. b3 Ne4 7. Bd3 f5 8. O-O c6 9. a3 {A84: Dutch Defence: 2 c4 Miscellaneous.} Bd6 10. Bb2 Bd7 11. Ne5 {White is slightly better.} Be8 12. f3 Bh5 13. Qe1 (13. cxd5 {keeps more tension.} cxd5 14. Qc2 Nxd2 15. Qxd2 Nd7 16. Rfc1) 13... Nxd2 14. Qxd2 Bxe5 15. dxe5 dxc4 16. bxc4 c5 17. Rfd1 {And now Bxf5 would win.} Nc6 18. Be2 Qxd2 19. Rxd2 Rad8 20. Rd6 Kf7 21. Bc3 {Black must now prevent Rb1.} Rxd6 $1 22. exd6 e5 23. g4 Bg6 24. h4 (24. f4 $11 exf4 25. exf4) 24... fxg4 $15 25. fxg4 Ke6 26. h5 ({Better is} 26. Rd1 $15) 26... Be4 $17 27. Rd1 Rd8 28. g5 Rxd6 29. Rf1 Ke7 30. Be1 {[#]} (30. Kf2 $17) 30... g6 (30... Nd8 $1 $19 {and Black stays clearly on top.} 31. Bc3 Nf7) 31. h6 $2 (31. hxg6 $17 {is a better defense.} hxg6 32. Bc3) 31... Bd3 $19 32. Kf2 a6 $2 (32... Rd8 $19 {aiming for ...Rf8+.} 33. Bxd3 Rxd3) 33. Bc3 $17 Bxe2 (33... b6 $17 34. Rc1 e4) 34. Kxe2 {[%mdl 4096] Endgame KRB-KRN} b5 35. cxb5 $1 axb5 36. Rb1 Ke6 37. Rxb5 Kf5 (37... c4 $14) 38. Rb7 $18 ({But not} 38. Rxc5 $6 Kxg5 39. a4 Kxh6 $11) 38... Kxg5 39. Rxh7 Kf6 $2 {[#]} (39... Kh5 $16) 40. Rc7 Nd4+ 41. exd4 exd4 {KRB-KR} 42. Bd2 Ra6 43. h7 Ra8 44. Rxc5 g5 45. Bxg5+ Kg6 46. Bd2 (46. Rc7 $142 d3+ 47. Ke3 Re8+ 48. Kxd3 Kf5 49. Be3 Ra8 50. Ra7 Rc8 51. Bd4) 46... Kxh7 47. Bb4 {White mates.} Kg6 48. Kd3 Rd8 49. a4 {[%cal Ba3a4,Ba4a5][%mdl 32]} Kf6 50. a5 Rb8 51. Rc4 Ke6 52. Rxd4 Rb7 53. Rd6+ Ke5 54. Rb6 Ra7 55. Kc4 {What a bad dream for Black. Accuracy: White = 76%, Black = 57%.} 1-0

[Event "HUN-ch Rapid 2020"]
[Site "Ajka"]
[Date "2020.07.18"]
[Round "9.19"]
[White "Krstulovic, Alex"]
[Black "Varga, Peter"]
[Result "1/2-1/2"]
[WhiteElo "2338"]
[BlackElo "2371"]
[Annotator "TA"]
[PlyCount "124"]
[EventDate "2020.07.17"]
[EventType "swiss"]
[EventCountry "HUN"]
[SourceTitle "playchess.com"]
[Source "ChessBase"]
[SourceQuality "1"]

{[%evp 10,124,28,7,21,0,0,-12,0,-14,-1,-6,10,8,6,6,10,0,20,16,20,19,13,14,25,25,37,25,41,52,49,40,45,47,40,35,42,36,30,32,51,43,116,0,40,40,39,40,36,33,30,24,24,24,49,49,71,40,75,44,47,36,36,36,105,0,50,12,12,0,120,116,118,118,105,105,150,127,316,316,316,305,300,263,5065,248,273,206,740,706,656,670,640,591,580,0,0,0,0,0,0,0,0,0,0,0,0,0,0,0,0,0,0,0,0,0,0]} 1. d4 d5 2. Nf3 Nf6 3. Bf4 c6 4. e3 Bf5 5. Nbd2 e6 6. Ne5 h6 {D02: 1 d4 d5 2 Nf3 sidelines, including 2...Nf6 3 g3 and 2...Nf6 3 Bf4.} 7. Be2 Nbd7 8. Ndf3 Nxe5 9. Nxe5 {[#]} Be7 $146 ({Predecessor:} 9... Nd7 10. Nd3 Bxd3 11. Bxd3 Nf6 12. c3 Bd6 13. Bg3 Bxg3 14. hxg3 Qb6 15. b4 a5 {0-1 (31) Meister,J (2460)-Bachran,B (1975) Berlin 2015}) 10. O-O Nd7 11. c4 Nxe5 12. Bxe5 O-O 13. a3 f6 14. Bg3 Bd6 15. b4 Bxg3 16. hxg3 Qe7 17. Qb3 Bg6 18. Rfc1 Bf7 19. cxd5 cxd5 20. Rc2 Bg6 21. Rc5 b6 22. Rc3 Rac8 23. Rac1 Rxc3 24. Qxc3 Qd6 25. Ba6 Be8 (25... Kh7 $14) 26. Bc8 (26. Bd3 $1 $16) 26... Bd7 27. Bxd7 Qxd7 $14 {[%mdl 4096] Endgame KQR-KQR} 28. Qc6 Rd8 29. Qc7 Kf7 30. a4 Ke7 31. Qc2 Ra8 32. g4 Rd8 33. f3 Ra8 34. Kf2 Rd8 35. f4 Kf7 36. Kf3 Ke7 ({Black should try} 36... Qd6 $14) 37. f5 (37. Qh7 $16 Kf7 38. b5) 37... Kf7 38. b5 exf5 39. gxf5 Re8 (39... Kf8 $11) 40. Qc7 $36 {[%mdl 2048] White is in control.} Re7 41. Qxd7 Rxd7 {KR-KR} 42. Rc8 g6 43. Kf4 gxf5 $2 (43... h5 $16 {might work better.}) 44. Kxf5 $18 Re7 45. Rd8 Rxe3 {[#]} 46. Rd7+ $1 Re7 $2 (46... Ke8 47. Rxa7 Kd8) 47. Rxd5 $2 (47. Rxe7+ Kxe7 48. Kg6) 47... h5 48. Rd6 Re2 $2 {[#]} (48... Kg7 49. Rxf6 Re2 50. Rg6+ Kf7) 49. Rd7+ $1 Ke8 50. Rxa7 Rxg2 51. Kxf6 h4 52. Ke6 $2 (52. Rh7 $18 Rg4 53. Ke6) 52... Rg6+ $1 $11 {The position is equal.} 53. Kd5 {Threatens to win with Rh7.} Rh6 {aiming for ...h3.} 54. a5 {And now axb6 would win.} h3 {Strongly threatening ...h2.} 55. axb6 {Intending b7 and mate.} h2 56. Ra1 $1 Rxb6 57. Ra8+ Kd7 58. Ra7+ Ke8 59. Rh7 {Kc5 is the strong threat.} Rxb5+ 60. Ke6 {[%cal Rh7h8]} Rb6+ 61. Ke5 Rb2 62. d5 Re2+ {Black defended with fortune. Accuracy: White = 81%, Black = 66%.} 1/2-1/2

[Event "HUN-ch Rapid 2020"]
[Site "Ajka"]
[Date "2020.07.18"]
[Round "9.20"]
[White "Majoros, Rozsa Evelin"]
[Black "Egresi, Mate"]
[Result "0-1"]
[WhiteElo "2003"]
[BlackElo "2362"]
[Annotator "TA"]
[PlyCount "68"]
[EventDate "2020.07.17"]
[EventType "swiss"]
[EventCountry "HUN"]
[SourceTitle "playchess.com"]
[Source "ChessBase"]
[SourceQuality "1"]

{[%evp 13,68,29,43,20,31,1,9,-46,-41,-45,-17,-107,-109,-63,-3,-46,-51,-82,-78,-102,-125,-170,-145,-183,-177,-186,-178,-177,-186,-279,-286,-407,-372,-338,-175,-251,-145,-160,-149,-206,-204,-210,-201,-247,-243,-308,-304,-524,-507,-495,-425,-1022,-1025,-29995,-550,-1089,-979]} 1. e4 d6 2. d4 Nf6 3. Nc3 e5 4. Nf3 Nbd7 5. Bc4 Be7 6. a4 O-O 7. O-O c6 8. b3 {C41: Philidor Defence.} Qc7 {[#]} 9. Bd3 $146 ({Predecessor:} 9. Ba3 Nb6 10. Be2 a5 11. Qd2 d5 12. dxe5 Nxe4 13. Nxe4 dxe4 14. Bd6 Qd8 15. Ne1 Bg5 {½-½ (48) Binham,T (2258)-Ristoja,S (2250) Finland 2018}) 9... Re8 10. Ne2 (10. h3 $11) 10... d5 11. Ng3 $1 dxe4 12. Bxe4 (12. Nxe4 $11 {remains equal.} Nxe4 13. Bxe4) 12... Nxe4 $17 13. Nxe4 exd4 ({Black should try} 13... f5 $15 14. Neg5 h6) 14. Nxd4 Nf6 15. Re1 {Threatening Nxf6+.} Bg4 16. f3 ({Don't go for} 16. Nxf6+ $2 Bxf6 17. Rxe8+ Rxe8 $19) 16... Bh5 17. Bb2 Rad8 {...Nxe4 is the strong threat.} 18. Qc1 Nxe4 19. Rxe4 Bg6 20. Re1 Bd6 21. h3 {[#]} (21. g3 $142) 21... Bf4 $1 $19 {[%cal Rf4c1]} 22. Rxe8+ Rxe8 23. Qf1 Qe7 (23... Qe5 $142 24. c3 c5) 24. Kh1 (24. Qc4 {was worth a try.}) 24... Bb8 ({Black should play} 24... c5 $19 25. Nb5 Bxc2 26. Nxa7 Bxb3) 25. f4 $17 Be4 26. Rd1 (26. Kg1 $17) 26... Qh4 $19 27. Nf3 Qxf4 $40 {[%mdl 128] Black attacks with force.} 28. Qe2 h6 {Threatens to win with ...Bxf3.} 29. Rd4 Kh7 30. Rxe4 $2 (30. Qf2) 30... Rxe4 31. Qd3 f5 {( -> ...Re1+!)} 32. Qc3 (32. Kg1 $142) 32... Qg3 33. Bc1 Bf4 (33... Re2 $142 34. Ng5+ hxg5 35. Qxg7+ Kxg7 36. Bb2+ {[#]} Kh7 $1 {[%mdl 512]} 37. Kg1 Qxg2#) 34. Bb2 Re3 {Accuracy: White = 18%, Black = 72%.} 0-1

[Event "HUN-ch Rapid 2020"]
[Site "Ajka"]
[Date "2020.07.18"]
[Round "9.21"]
[White "Palczert, Matyas"]
[Black "Zentai, Peter"]
[Result "1/2-1/2"]
[WhiteElo "2241"]
[BlackElo "2304"]
[Annotator "TA"]
[PlyCount "64"]
[EventDate "2020.07.17"]
[EventType "swiss"]
[EventCountry "HUN"]
[SourceTitle "playchess.com"]
[Source "ChessBase"]
[SourceQuality "1"]

{[%evp 14,64,0,0,0,0,20,10,22,13,23,-3,16,8,20,-9,0,0,26,-86,-25,-28,-27,-27,-27,-29,-23,-71,-83,-63,-47,-52,-52,-112,-110,-107,0,-3,0,0,0,0,0,0,0,-2,0,0,0,0,0,0,0]} 1. e4 e6 2. d4 d5 3. exd5 exd5 4. Nf3 Nf6 5. Bd3 c5 6. dxc5 Bxc5 7. O-O O-O 8. Nc3 h6 {C01: French: Exchange Variation.} 9. h3 Qc7 10. Nb5 Qb6 {[#]} 11. Nbd4 $146 ({Predecessor:} 11. b4 Bxb4 12. Bf4 Na6 13. Rb1 Qd8 14. Qc1 Ne4 15. Nc7 Nxc7 16. Rxb4 Na6 17. Bxa6 bxa6 {1-0 (37) Ciotoli,P-Farina,S (2170) Italy 1996}) 11... Nc6 12. c3 Ne4 {[%cal Rc5d4]} 13. Bc2 Bd7 14. Rb1 Rad8 15. Be3 Rfe8 (15... f5 {keeps more tension.} 16. Qc1 Nxd4 17. Bxd4 Bxd4 18. Nxd4 f4) 16. Nd2 {[#]} (16. Re1 $11) 16... Nxd4 (16... Ng3 $1 $17 {[%cal Rc6d4][%mdl 512]} 17. Re1 (17. fxg3 Rxe3) 17... Nxd4 18. cxd4 Bxd4 19. Bxd4 Qxd4) 17. cxd4 $11 Bxd4 18. Bxd4 Qxd4 19. Nxe4 Qxd1 20. Rbxd1 {aiming for Nc3.} dxe4 21. Rfe1 f5 22. f3 {[%cal Rf3e4]} Bc6 23. Rxd8 (23. fxe4 $15 Rxd1 24. Rxd1) 23... Rxd8 $17 24. fxe4 $15 {[%mdl 4096] Endgame KRB-KRB} Re8 ({Better is} 24... Rd2 $17 25. Bb3+ Kf8) 25. e5 $11 {The position is equal.} Be4 26. Bxe4 Rxe5 {[%mdl 64] [#] Pin} 27. Kf2 fxe4 {KR-KR} 28. Ke3 Kf7 29. Kf4 Ra5 30. a3 Rb5 31. b4 Kf6 32. Rxe4 Rf5+ {Accuracy: White = 81%, Black = 86%.} 1/2-1/2

[Event "HUN-ch Rapid 2020"]
[Site "Ajka"]
[Date "2020.07.18"]
[Round "9.22"]
[White "Gaal, Zsoka"]
[Black "Nemeth, Zoltan"]
[Result "1-0"]
[WhiteElo "2151"]
[BlackElo "2210"]
[Annotator "TA"]
[PlyCount "87"]
[EventDate "2020.07.17"]
[EventType "swiss"]
[EventCountry "HUN"]
[SourceTitle "playchess.com"]
[Source "ChessBase"]
[SourceQuality "1"]

{[%evp 12,87,16,10,19,0,37,23,73,35,79,21,80,81,105,102,112,108,127,113,195,201,202,191,210,193,225,220,201,208,254,246,229,227,229,214,235,254,245,258,340,344,559,208,208,208,357,346,530,534,533,527,480,389,740,658,848,841,1037,901,894,873,29986,29987,29987,29988,29989,2733,29990,29985,29985,29986,29987,29988,29992,29993,29994,29993]} 1. Nf3 b6 2. g3 Bb7 3. Bg2 e5 4. d3 g6 5. O-O Bg7 6. c4 Ne7 7. Nc3 O-O {A04: Unusual lines after 1 Nf3 and King's Indian Attack.} 8. Rb1 f5 {[#]} 9. Bd2 $146 ({Predecessor:} 9. e4 Nbc6 10. b4 h6 11. exf5 Nxf5 12. Ne1 d6 13. Qg4 Kh7 14. Be4 Qd7 15. Nf3 {½-½ (38) Eldridge,J-Hawson,J Whitby/ Yorkshire 1962}) 9... h6 {White has an edge.} 10. b4 Qc8 11. Qb3 (11. e4 $16) 11... Kh7 (11... d6 $11) 12. Nd5 $36 {[%mdl 2048] White is on the roll.} Nxd5 13. cxd5 d6 14. e4 fxe4 15. dxe4 a5 (15... Qd8 $16) 16. bxa5 $18 Nd7 17. axb6 Nxb6 18. Rfc1 Ba6 19. a4 Nd7 20. Be3 Rb8 21. Qc2 Rxb1 22. Rxb1 Nf6 23. Rc1 Rf7 24. h3 Qa8 25. Nd2 Be2 26. Bf1 Qa6 $2 (26... Bxf1 27. Kxf1 (27. Nxf1 h5 $18) (27. Rxf1 Qa6 $18) 27... h5) 27. Nc4 $2 (27. Bxe2 Qxe2 28. Qc4 Qxc4 29. Rxc4) 27... Bxf1 28. Rxf1 ({Don't play} 28. Kxf1 $6 c6 $16) 28... c5 (28... h5 $142 29. a5 Rf8) 29. Rb1 Bf8 (29... Ra7 $142 30. a5 Nd7) 30. Rb6 Qa7 31. a5 Nd7 32. Rb5 Nb8 $2 (32... Nf6 33. Kg2 Qa8) 33. Qb3 Na6 34. Rb6 Rd7 35. Qb5 Nb4 36. a6 Be7 {[#]} 37. Rb7 $1 Rxb7 38. axb7 Qb8 {[#]} 39. Bd2 (39. Qd7 $142 $1 Qf8 40. b8=Q {[%mdl 64] Deflection} Qxb8 41. Qxe7+ Kh8 42. Bxh6 Qg8 43. Nxd6 g5 44. Ne8) 39... Kg7 40. Bxb4 {White mates.} cxb4 41. Na5 Qc7 42. b8=Q Qc1+ 43. Kg2 Qc2 44. Qxb4 {Black did not feel at home in the position after the opening. Accuracy: White = 69%, Black = 34%.} 1-0

[Event "HUN-ch Rapid 2020"]
[Site "Ajka"]
[Date "2020.07.18"]
[Round "9.23"]
[White "Hardicsay, Peter"]
[Black "Persanyi, Barnabas"]
[Result "1/2-1/2"]
[WhiteElo "2205"]
[BlackElo "2370"]
[Annotator "TA"]
[PlyCount "86"]
[EventDate "2020.07.17"]
[EventType "swiss"]
[EventCountry "HUN"]
[SourceTitle "playchess.com"]
[Source "ChessBase"]
[SourceQuality "1"]

{[%evp 11,86,8,35,26,50,27,37,35,45,31,36,35,48,43,38,27,64,63,66,52,61,52,95,75,123,48,47,25,16,15,27,-7,0,0,0,0,0,0,0,0,0,-30,-55,-50,0,0,0,-22,0,0,75,0,0,0,0,0,0,0,0,0,0,0,0,0,0,0,0,0,0,0,0,0,0,0,0,0,0]} 1. c4 c5 2. Nf3 Nc6 3. d4 cxd4 4. Nxd4 Nf6 5. Nc3 e6 6. a3 a6 {6...Bc5 is setting a new trend.} 7. e4 {A33: Symmetrical English: 2 Nf3 Nf6 3 d4 cxd4 4 Nxd4 e6 5 Nc3 Nc6.} Bc5 8. Nb3 Be7 9. Be2 {White is slightly better.} d6 10. O-O O-O 11. Be3 b6 12. f4 Bb7 13. Rc1 Nb8 14. Bf3 {[#] Hoping for e5.} Nbd7 15. Qe2 Qc7 16. Nd2 Rac8 17. b4 Qb8 {[#]} 18. Bd4 $146 (18. g4 $1 $16) ({Predecessor:} 18. g4 g6 19. g5 Ne8 20. Bg4 Ng7 21. f5 Bd8 22. f6 Ne8 23. Nd5 exd5 24. Bxd7 dxe4 25. Bxc8 Qxc8 {½-½ (48) Pogorelov,R (2477)-Marholev,D (2413) Albacete 2009}) 18... e5 $14 19. Be3 exf4 20. Bxf4 Ne5 21. Bg3 Nfd7 22. Bg4 Nxg4 23. Qxg4 Ne5 24. Bxe5 dxe5 25. Nd5 $36 {[%mdl 2048] White has the initiative.} Bxd5 26. cxd5 a5 27. Qd7 Rxc1 28. Rxc1 Bg5 29. Rc2 Bxd2 30. Rxd2 Qc8 (30... axb4 $11 {keeps the balance.} 31. axb4 Qa8) 31. Qxc8 (31. Qc6 $16) 31... Rxc8 $11 {The position is equal.} 32. bxa5 bxa5 $16 {[%mdl 4096] Endgame KR-KR} 33. d6 f6 34. Rd5 (34. a4 {with more complications.} Rd8 35. Kf2 Kf7 36. Rd5 Ke6 37. Rxa5 Rxd6 38. Ke3) 34... Rd8 35. Kf2 Kf7 36. Rxa5 Rxd6 37. Ke3 h5 38. Ra7+ Ke6 39. Rxg7 Ra6 40. Rh7 Rxa3+ 41. Ke2 Ra2+ 42. Kf3 Ra3+ 43. Kf2 Ra2+ {Accuracy: White = 85%, Black = 82%.} 1/2-1/2

[Event "HUN-ch Rapid 2020"]
[Site "Ajka"]
[Date "2020.07.18"]
[Round "9.24"]
[White "Pasztor, Ferenc"]
[Black "Kovacsy, Barnabas"]
[Result "1-0"]
[WhiteElo "2231"]
[BlackElo "2143"]
[Annotator "TA"]
[PlyCount "61"]
[EventDate "2020.07.17"]
[EventType "swiss"]
[EventCountry "HUN"]
[SourceTitle "playchess.com"]
[Source "ChessBase"]
[SourceQuality "1"]

{[%evp 9,61,50,61,52,78,64,98,64,75,70,80,77,165,87,142,155,144,141,212,203,213,219,264,260,270,270,358,338,542,527,520,416,416,423,496,500,801,810,807,783,776,803,883,589,1163,604,706,629,609,556,2062,1880,3397,3337]} 1. d4 Nf6 2. c4 g6 3. Nc3 d5 4. Bg5 dxc4 5. e4 Bg7 6. Bxc4 {D80: Grünfeld: Unusual White 4th moves and 4 Bg5.} c5 7. d5 Qa5 {[#] With the idea ...Nxe4.} 8. Qd2 $146 {White is better.} (8. Bd2 {looks sharper.} a6 9. a4 Nbd7 10. Nf3 O-O 11. O-O) ({Predecessor:} 8. Bd2 O-O 9. e5 Ng4 10. f4 a6 11. h3 Nh6 12. g4 Qc7 13. a4 Nd7 14. Nf3 {½-½ (46) Svetly,J (1871)-Aure,A (1742) Prague 2019}) 8... Nbd7 9. Nf3 O-O 10. O-O a6 {[#]} (10... Nb6 $16 11. Bd3 Bg4) 11. a4 ({Better is} 11. e5 $1 $18) 11... Re8 (11... Nb6 $142) 12. h3 $16 Qb4 13. Qe2 Nh5 (13... Nb6 $16) 14. g4 $18 Nb6 15. Bd3 Nf6 16. a5 c4 17. Bb1 (17. axb6 cxd3 18. Qxd3 Nd7 $14) 17... Nbd7 18. e5 Nxd5 $2 {[#]} (18... b5 {is a better defense.} 19. axb6 (19. exf6 Nxf6 20. Ne5 Bb7 $18) 19... Bb7) 19. Nxd5 Qc5 20. Nb6 Nxb6 21. Be3 ({Weaker is} 21. axb6 Qxb6 22. Qxc4 Qxb2 $18) 21... Qc6 {White is clearly winning.} 22. Bxb6 ({Not} 22. axb6 Be6 $18) 22... h5 (22... Be6 $142 23. Nd4 Qd7 24. Nxe6 Qxe6) 23. Nd4 Qd5 24. f4 hxg4 25. hxg4 Qd7 26. g5 Kh7 27. Ra3 Rh8 28. Be4 Kg8 29. Bg2 f6 30. exf6 exf6 31. Qxc4+ {Black did not feel at home in the position after the opening. Accuracy: White = 66%, Black = 25%.} 1-0